| 000 | 00400cam a2200169ua 4500 | ||
|---|---|---|---|
| 020 | _c2.00 | ||
| 041 |
_amal _h |
||
| 082 |
_a894.8122 _bVAS/AA |
||
| 100 | _aVasudev, Arur . | ||
| 245 |
_aAadaminte Santhathikal / _cVasudev Arur. _hTextual Documents |
||
| 260 |
_a : _bPrabath book house , _c1959. |
||
| 300 | _a144 ; . | ||
| 365 | _a2.00 | ||
| 504 | _a | ||
| 942 | _cBK | ||
| 999 |
_c932 _d932 |
||